| 000 | 02193nam a2200421 i 4500 | ||
|---|---|---|---|
| 001 | 90763 | ||
| 003 | ES-MaACL | ||
| 005 | 20251013104901.0 | ||
| 008 | 211223s2017 sp abe 001 0 spa | ||
| 020 | _a9788493498986 | ||
| 080 | _a929-054.7(=1:460.15:73)"17/18"(083.824) | ||
| 080 | _a94(73)"1775/83"(083.824) | ||
| 080 | _a930.85(73:460)(083.824) | ||
| 245 | 0 | 3 |
_aLa memoria recobrada : _bhuellas en la historia de los Estados Unidos = Oroitzapen berreskuruata : aztarnak Estatu Batuen historian = The recovered memory : traces in the history of the United States / _cJosé Manuel Guerrero Acosta (ed.) ; traducciones, Jesus Mª Lasa Barandiaran, Paul Edson, Araceli Montero Valdivia. |
| 246 | 3 | _aOroitzapen berreskuruata | |
| 260 |
_a[Bilbao] : _bIberdrola, _c[2017] |
||
| 300 |
_a389 p. : _bil. col. y n., mapas col., planos col. ; _c30 cm. |
||
| 500 | _aÍndice disponible en Dialnet. | ||
| 504 | _aReferencias bibliográficas. | ||
| 530 | _aDisponible en formato digital. | ||
| 546 | _aTextos en español, vasco e inglés. | ||
| 585 | _aExposición: Torre Iberdrola, Bilbao, del 10 de abril al 2 de julio de 2017. | ||
| 650 | 4 |
_aVascos- _zEstados Unidos- _vExposiciones. _9173908 |
|
| 651 | 4 |
_aEstados Unidos- _xHistoria- _y1775-1783, Revolución- _xParticipación española- _vExposiciones. _9173910 |
|
| 651 | 4 |
_aEstados Unidos- _xCivilización- _xInfluencia española- _vExposiciones. _9173911 |
|
| 655 | 7 |
_2tgfbne _9193628 _aCatálogos de exposiciones |
|
| 700 | 1 |
_aGuerrero Acosta, José Manuel, _d1959- _9234245 |
|
| 700 | 1 |
_aLasa Barandiaran, Jesus Mari. _9173909 |
|
| 700 | 1 |
_aEdson, Paul. _9173904 |
|
| 700 | 1 |
_aMontero Valdivia, Araceli. _9173906 |
|
| 710 | 2 |
_aIberdrola. _94634 |
|
| 740 | 4 | 2 | _aThe recovered memory. |
| 852 | 4 |
_aES-MaACL _jA-14807 _9 94083 _bR.152361 _cDEPO1 _dOlim: N-7807 _hDonación: Editorial |
|
| 856 | 4 |
_uhttps://www.iberdrola-arte.es/FicherosIberdrola/Publicaciones/6/1f4b1f91-2d29-445b-ac0b-3b47c788aa49.pdf _yIberdrola |
|
| 856 | 4 |
_uhttps://dialnet.unirioja.es/servlet/libro?codigo=685413&utm_source=catalogo.bne.es&utm_medium=libro&utm_campaign=Dialnet_Widgets _yÍndice (Dialnet) |
|
| 942 | _2udc | ||
| 999 |
_c90763 _d90763 |
||